| 000 | 00932cam a2200265 a 4500 | ||
|---|---|---|---|
| 001 | 000004655 | ||
| 005 | 20200929151458.0 | ||
| 008 | 930212s1993 ck b 000 f spa | ||
| 020 | _a0789900874 | ||
| 040 |
_aDO-SdBNP _cDLC _dDLC _dOCoLC |
||
| 041 | 1 | 7 |
_aspa _heng _2Código de idioma MARC |
| 082 |
_a813.54 _bR622u |
||
| 100 | 1 |
_aRivers, Francine, _d1947- _913581 |
|
| 245 | 1 | 0 |
_aUna voz en el viento / _cFrancine Rivers ; traductor, Mónica Goldemberg. |
| 260 |
_aColombia : _bUnilit, _c1993. |
||
| 300 |
_a525 p. : _bmapa ; _c21 cm. |
||
| 440 | 3 |
_aLa marca del León _913582 |
|
| 534 |
_aTítulo original: _tA voice in the Wind |
||
| 650 | 4 |
_aLiteratura estadounidense _9263 |
|
| 651 | 4 |
_aRoma _xHistoria _yIMPERIO 30 B.C - 476 A.D. _xFicción _913583 |
|
| 650 | 4 |
_aMujeres esclavas _xFicción _913584 |
|
| 650 | 7 |
_aFicción histórica _913585 |
|
| 700 | 1 |
_aGolgemberg, Mónica, _etr. _913586 |
|
| 910 | _aCatalogación por copia / LC | ||
| 999 |
_c4461 _d4461 |
||